Datum a čas kvízu
23.5
Celkem bodů
Celkový počet nahraných bodů na tomto kvízu bez doplňovacích otázek.
9.
Pořadí na kvízu
Konečné umístění týmu na tomto kvízu.
Zaznamenané odpovědi
| # | Otázka | Odpověď | Body | Výsledky |
|---|---|---|---|---|
| 1. | A je to tady! Roboti nahrazují... | Studijní a vědecká knihovna Plzeňského kraje | 0 | |
| 2. | Minulý týden proběhla médii zp... | v Benátkách | 1 | |
| 3. | Který velmi populární český hu... | Xindl X | 0 | |
| 4. | Jeden český státní podnik, kte... | České dráhy | 0 | |
| 5. | Rakouský 22letý skokan na lyží... | Skákal téměř nahý (pouze v plavkách typu „Borat“). | 0 | |
| 6. | Budeme se zabývat pěti filmy,... | Elijah Wood, Pán prstenů: Dvě věže | 0 | |
| 7. | Film Mr. & Mrs. Smith, něk... | B) John a Jane | 1 | |
| 8. | Romantické drama Paní Bovaryov... | Gustave Flaubert | 0 | |
| 9. | Děj bláznivé sci-fi komedie Za... | Oldřich Lipský, Petr Čepek | 0 | |
| 10. | V roce 2009 vznikl animovaný f... | Lišák | 0 |